Central Library OPAC University of Rajshahi

Healthful aging / (Record no. 66155)

MARC details
000 -LEADER
fixed length control field 00844nam a2200289 a 4500
001 - CONTROL NUMBER
control field 66155
003 - CONTROL NUMBER IDENTIFIER
rucl marc code BD-RjUL
005 - DATE AND TIME OF LATEST TRANSACTION
control field 20211209081515.0
008 - FIXED-LENGTH DATA ELEMENTS--GENERAL INFORMATION
fixed length control field 170314s1986 nju b 001 0 eng
020 ## - INTERNATIONAL STANDARD BOOK NUMBER
International Standard Book Number 0133855430
035 ## - SYSTEM CONTROL NUMBER
System control number (BD-RjUL)66285
040 ## - CATALOGING SOURCE
Original cataloging agency DLC
Transcribing agency DLC
Modifying agency BD-RjUL
Language of cataloging eng
041 ## - LANGUAGE CODE
Language code of text/sound track or separate title eng
082 00 - DEWEY DECIMAL CLASSIFICATION NUMBER
Classification number 612.67
Edition number 23
Author mark and year BUH 1986
100 1# - MAIN ENTRY--PERSONAL NAME
Personal name Burdman, Geri Marr.
9 (RLIN) 195741
245 10 - TITLE STATEMENT
Title Healthful aging /
Statement of responsibility, etc. Geri Marr Burdman.
260 ## - PUBLICATION, DISTRIBUTION, ETC. (IMPRINT)
Place of publication, distribution, etc. Englewood Cliffs, N.J. :
Name of publisher, distributor, etc. Prentice-Hall,
Date of publication, distribution, etc. c1986.
300 ## - PHYSICAL DESCRIPTION
Pagination ix, 230 p. ;
Size 24 cm.
504 ## - BIBLIOGRAPHY, ETC. NOTE
Bibliography, etc Includes bibliographies and index.
650 #0 - SUBJECT ADDED ENTRY--TOPICAL TERM
Topical term or geographic name as entry element Older people
General subdivision Health and hygiene.
9 (RLIN) 195742
Topical term or geographic name as entry element Holistic medicine.
9 (RLIN) 195743
Topical term or geographic name as entry element Aging.
9 (RLIN) 170787
Topical term or geographic name as entry element Health.
9 (RLIN) 180930
Topical term or geographic name as entry element Quality of life.
9 (RLIN) 175238
942 ## - ADDED ENTRY ELEMENTS (KOHA)
Source of classification or shelving scheme Dewey Decimal Classification
Koha item type Books
Holdings
Lost status Source of classification or shelving scheme Damaged status Not for loan Collection code Permanent Location Current Location Shelving location Date acquired Source of acquisition Cost, normal purchase price Total Checkouts Full call number Date last seen Copy number Koha item type
  Dewey Decimal Classification   Not For Loan Non-fiction Central Library, University of Rajshahi Central Library, University of Rajshahi Reading Room 14/09/2008 Dhaka, Paragon Enterpries Ltd. 44.75   612.67 BUH 1986 14/03/2017 C-1 Books